000 00280nam a2200133Ia 4500
100 _aJones Franklin
942 _cRB
654 _aMechanisms
245 _aIngenious Mechanisms II
260 _bIndustrial Press
_c2001
082 _a621.9
300 _a538
546 _aENGLISH
999 _c28422
_d28422